[Event "Match"]
[Site "www.echecsemail.com"]
[Date "2015.01.20"]
[Round "1"]
[White "Georgepapi"]
[Black "Llord"]
[WhiteElo "1860"]
[BlackElo "1730"]
[Result "1-0"]
[Round "1"]
1.e4 e5
2.Ng1f3 Nb8c6
3.Bf1b5 Bf8c5
4.O-O Ng8e7
5.Nb1c3 O-O
6.d3 a6
7.Bb5a4 Nc6d4
8.Nf3xe5 Ne7g6
9.Ne5xg6 fxg6
10.Bc1e3 d6
11.Nc3d5 Nd4e6
12.d4 Bc5a7
13.Ba4b3 c6
14.Nd5f4 Rf8e8
15.Nf4xe6 Bc8xe6
16.d5 cxd5
17.Bb3xd5 Be6xd5
18.Qd1xd5 Kh8
19.Be3xa7 Ra8xa7
20.Ra1d1 h5
21.Rf1e1 Kh7
22.Qd5xd6 Qd8xd6
23.Rd1xd6 a5
24.e5 b5
25.Rd6b6 b4
26.b3 Kh6
27.f4 Ra7f7
28.Re1f1 Rf7e7
29.Rb6a6 Kh7
30.Ra6xa5 { resign }
1-0

[Event "Match"]
[Site "www.echecsemail.com"]
[Date "2015.01.20"]
[Round "1"]
[White "Genius9"]
[Black "Xav77"]
[WhiteElo "1220"]
[BlackElo "2120"]
[Result "1/2-1/2"]
[Round "1"]
1.f4 d5
2.b3 Nb8c6
3.Bc1b2 Bc8f5
4.e3 a6
5.Ng1f3 h6
6.Bf1e2 e6
7.O-O Ng8f6
8.Nf3d4 Bf8c5
9.Nd4xf5 exf5
10.Be2f3 Qd8d7
11.d4 Bc5b6
12.Nb1d2 h5
13.c4 Nc6b4
14.Bb2c3 Bb6a5
15.Bc3xb4 Ba5xb4
16.a3 Bb4c3
17.Ra1b1 Bc3xd2
18.Qd1xd2 h4
19.cxd5 Nf6xd5
20.Bf3xd5 Qd7xd5
21.Rf1c1 c6
22.Rc1c5 Qd5d7
23.Rc5e5 Kf8
24.Rb1d1 Ra8e8
25.Re5xe8 Qd7xe8
26.Rd1e1 Qe8d7
27.Qd2c3 Rh8h6
28.b4 Qd7d5
29.Qc3c5 Kg8
30.Qc5xd5 cxd5
31.Re1c1 Rh6c6
32.Rc1xc6 { draw }
1/2-1/2

[Event "1/64 Finale"]
[Site "www.chess-mail.com"]
[Date "2015.01.20"]
[Round "1"]
[White "Maredocla"]
[Black "Colchester"]
[WhiteElo "1970"]
[BlackElo "1800"]
[Result "0-1"]
[Round "1"]
1.f4 d5
2.Ng1f3 g6
3.e3 Bf8g7
4.d4 Ng8f6
5.Nb1d2 O-O
6.b3 c5
7.c3 b6
8.Bf1d3 Bc8b7
9.Nf3e5 Nb8d7
10.O-O Ra8c8
11.Nd2f3 Nd7xe5
12.Ra1b1 Ne5xd3
13.Qd1xd3 Nf6e4
14.Bc1a3 Rf8e8
15.h3 cxd4
16.c4 dxc4
17.bxc4 dxe3
18.Qd3xe3 Ne4c3
19.Rb1b3 Nc3e4
20.Rb3d3 Qd8c7
21.Rf1d1 Qc7xc4
22.Nf3e5 Bg7xe5
23.fxe5 Qc4c6
24.Ba3b2 Ne4c5
25.Rd3d2 Rc8d8
26.Rd1c1 Rd8xd2
27.Qe3xd2 Qc6e4
28.Rc1e1 Qe4d3
29.Qd2h6 Qd3c2
{ resign }
0-1

[Event "1/128 Finale"]
[Site "www.chess-mail.com"]
[Date "2015.01.20"]
[Round "1"]
[White "Hali"]
[Black "Amaya"]
[WhiteElo "2180"]
[BlackElo "1900"]
[Result "1-0"]
[Round "1"]
1.e4 e6
2.d4 d5
3.Nb1c3 Bf8b4
4.e5 Ng8e7
5.f4 c5
6.a3 Bb4xc3
7.bxc3 Qd8c7
8.Ng1f3 cxd4
9.cxd4 O-O
10.Bf1d3 Nb8c6
11.O-O Bc8d7
12.c3 Nc6a5
13.Nf3g5 g6
14.Qd1g4 Ne7f5
15.Qg4h3 h5
16.g4 Kg7
17.gxf5 exf5
18.Bd3e2 Rf8h8
19.Ra1b1 Bd7a4
20.Be2b5 Ba4c2
21.Rb1b2 Bc2e4
22.Ng5xe4 dxe4
23.Bc1d2 a6
24.Bb5e2 b5
25.a4 Na5c4
26.Be2xc4 Qc7xc4
27.axb5 axb5
28.Rb2b4 Qc4e2
29.Qh3g2 Qe2d3
30.Rf1b1 Ra8a2
31.Rb4b2 Rh8a8
32.Qg2f1 Qd3xf1
33.Kxf1 Ra2xb2
34.Rb1xb2 { resign }
1-0

[Event "Eq:CONFOEDERATIONIS HELVETICAE-Slap Shot Mates : "]
[Site "www.chess-mail.com"]
[Date "2015.01.20"]
[Round "1"]
[White "Leswamp"]
[Black "Schwiizer"]
[WhiteElo "2430"]
[BlackElo "2600"]
[Result "0-1"]
[Round "1"]
1.d4 Ng8f6
2.c4 e6
3.Ng1f3 b6
4.a3 Bc8b7
5.Nb1c3 d5
6.cxd5 Nf6xd5
7.Qd1c2 Nd5xc3
8.bxc3 Bf8e7
9.e4 O-O
10.Bf1d3 c5
11.O-O Qd8c7
12.Qc2e2 Nb8c6
13.d5 Nc6a5
14.Bd3c2 exd5
15.e5 g6
16.Bc1f4 Be7f6
17.Bf4g3 Ra8e8
18.Bc2a4 Bb7c6
19.Ba4b5 Bc6xb5
20.Qe2xb5 Bf6g7
21.Ra1d1 Qc7b7
22.Rd1b1 Re8e7
23.Rf1d1 Na5c4
24.Qb5b3 Rf8e8
25.h3 Qb7c6
26.Rd1e1 Bg7xe5
27.Nf3xe5 Nc4xe5
28.Re1xe5 Re7xe5
29.Bg3xe5 Re8xe5
30.Rb1d1 Qc6e6
31.Kf1 Re5e4
32.Qb3c2 Qe6e5
33.f3 Re4e3
34.Rd1d3 c4
35.Rd3d4 Re3e1
36.Kf2 Qe5e3
37.Kg3 Re1e2
38.Qc2a4 Qe3f2
{ resign }
0-1

[Event "Eq:BEAC Hungary-Team USA : "]
[Site "www.chess-mail.com"]
[Date "2015.01.20"]
[Round "1"]
[White "Cardiff"]
[Black "Uji40"]
[WhiteElo "2070"]
[BlackElo "1740"]
[Result "1/2-1/2"]
[Round "1"]
1.d4 d5
2.c4 e6
3.Nb1c3 Ng8f6
4.Bc1g5 Nb8d7
5.e3 Bf8e7
6.Ng1f3 c6
7.Bf1d3 O-O
8.O-O h6
9.Bg5h4 a6
10.c5 b6
11.b4 b5
12.a4 Rf8e8
13.axb5 Nd7b8
14.b6 Bc8b7
15.Nf3e5 Nf6h7
16.Bh4xe7 Qd8xe7
17.Qd1f3 Re8f8
18.Bd3xh7 Kxh7
19.e4 Nb8d7
20.Ne5xd7 Qe7xd7
21.e5 Qd7e7
22.Qf3d3 Kh8
23.f4 f5
24.exf6 Rf8xf6
25.Ra1e1 Ra8f8
26.g3 Rf8f7
27.Re1e5 Rf6f5
28.Rf1e1 Rf5xe5
29.fxe5 Rf7f8
30.Re1f1 Rf8xf1
31.Qd3xf1 Qe7e8
32.Nc3e2 Kg8
33.Qf1h3 Qe8g6
34.Ne2f4 Qg6b1
35.Kg2 Qb1e4
36.Kf2 Qe4xd4
37.Kf3 Qd4e4
38.Kf2 Qe4d4
39.Kg2 Qd4e4
40.Kg1 { draw }
1/2-1/2

[Event "Eq:BEAC Hungary-La Taverne : "]
[Site "www.chess-mail.com"]
[Date "2015.01.20"]
[Round "1"]
[White "Gilliere"]
[Black "Hali"]
[WhiteElo "1830"]
[BlackElo "2160"]
[Result "0-1"]
[Round "1"]
1.e4 c5
2.Ng1f3 Nb8c6
3.d4 cxd4
4.Nf3xd4 Ng8f6
5.Nd4xc6 bxc6
6.Nb1c3 e5
7.Bc1g5 Bf8b4
8.Bg5xf6 Qd8xf6
9.g3 O-O
10.Qd1e2 a5
11.Qe2e3 d5
12.O-O-O d4
13.Qe3d3 dxc3
14.b3 Bc8a6
15.Qd3e3 c5
16.Bf1xa6 Ra8xa6
17.h4 a4
18.Rd1d5 axb3
19.cxb3 Rf8a8
20.Rh1d1 Ra6xa2
21.Rd5d8 Ra8xd8
22.Rd1xd8 Qf6xd8
{ resign }
0-1

[Event "Fast Game"]
[Site "www.echecsemail.com"]
[Date "2015.01.20"]
[Round "1"]
[White "Pgcbies"]
[Black "Chessmith19"]
[WhiteElo "2170"]
[BlackElo "2140"]
[Result "1/2-1/2"]
[Round "1"]
1.e4 e5
2.f4 exf4
3.Ng1f3 g5
4.h4 g4
5.Nf3e5 Qd8e7
6.d4 d6
7.Ne5xg4 Qe7xe4
8.Qd1e2 Qe4e7
9.Qe2xe7 Bf8xe7
10.Ng4f2 Nb8c6
11.c3 Ng8f6
12.Bc1xf4 Rh8g8
13.Bf4g5 Nf6h5
14.Nb1d2 f6
15.Bf1c4 Rg8g7
16.Bg5e3 f5
17.Nf2d3 Bc8d7
18.O-O-O O-O-O
19.Rd1e1 Rg7xg2
20.Bc4d5 Rg2g7
21.Be3h6 Rg7g6
22.Bh6g5 Nh5f6
23.Bd5b3 Nf6e4
24.Nd2xe4 fxe4
25.Nd3f2 Be7xg5
26.hxg5 Nc6a5
27.Bb3d5 Rg6xg5
28.Bd5xe4 h5
29.Nf2h3 Rg5g4
30.Nh3f2 Rg4f4
31.Rh1xh5 { draw }
1/2-1/2

[Event "Fast Game"]
[Site "www.echecsemail.com"]
[Date "2015.01.20"]
[Round "1"]
[White "Gambitplayer"]
[Black "Attatroll"]
[WhiteElo "1859"]
[BlackElo "1810"]
[Result "0-1"]
[Round "1"]
1.d4 f5
2.Ng1f3 Ng8f6
3.b3 g6
4.Bc1b2 Bf8g7
5.c4 O-O
6.Qd1c2 d6
7.e3 Nb8c6
8.Bf1e2 Nf6g4
9.O-O Nc6b4
{ time. }
0-1

[Event "Tourn. n7947"]
[Site "www.chess-mail.com"]
[Date "2015.01.21"]
[Round "1"]
[White "Dspillman"]
[Black "Maxlou"]
[WhiteElo "1650"]
[BlackElo "1660"]
[Result "0-1"]
[Round "1"]
1.e4 Ng8f6
2.Nb1c3 d5
3.Bf1d3 d4
4.Nc3e2 e5
5.a3 Bc8g4
6.h3 Bg4h5
7.g4 Bh5g6
8.c3 Nf6xe4
9.Bd3xe4 Bg6xe4
10.f3 Be4d5
11.cxd4 Nb8c6
12.d3 h5
13.gxh5 Qd8h4
14.Kd2 Qh4g5
15.f4 Qg5g2
16.Ng1f3 Bd5xf3
17.Rh1e1 Nc6xd4
18.Kc3 Nd4xe2
19.Kc4 b5
20.Kxb5 Ne2d4
21.Kc4 Bf3xd1
{ resign }
0-1

[Event "Tourn. n8018"]
[Site "www.chess-mail.com"]
[Date "2015.01.21"]
[Round "1"]
[White "Georgepapi"]
[Black "Fabos12"]
[WhiteElo "1860"]
[BlackElo "1900"]
[Result "1-0"]
[Round "1"]
1.e4 g6
2.d4 Bf8g7
3.Ng1f3 d6
4.Nb1c3 Nb8c6
5.Bc1e3 Bc8g4
6.Bf1e2 f5
7.h3 Bg4h5
8.exf5 gxf5
9.Nf3g5 Bh5xe2
10.Qd1xe2 Kd7
11.Ng5f7 Qd8f8
12.Nf7xh8 f4
13.Qe2g4 Kd8
14.Be3xf4 Nc6xd4
15.O-O-O Bg7xh8
16.Bf4g5 Qf8xf2
17.Qg4e4 Qf2f5
18.Qe4xf5 Nd4xf5
19.Rh1f1 Bh8xc3
20.bxc3 h6
21.Rf1xf5 Kd7
22.Bg5f4 Ke6
23.Rf5h5 Ra8f8
24.Bf4xh6 Ng8xh6
25.Rh5xh6 Kd7
26.c4 Rf8f4
27.c5 a5
28.cxd6 cxd6
29.g4 Rf4a4
30.Kb1 Ra4b4
31.Ka1 Rb4c4
32.g5 Rc4xc2
33.Rd1g1 Ke8
34.g6 Kf8
35.g7 Kg8
36.Rh6h8 { resign }
1-0

[Event "Tourn. n7871"]
[Site "www.chess-mail.com"]
[Date "2015.01.21"]
[Round "1"]
[White "Bojan"]
[Black "Preacher59"]
[WhiteElo "2020"]
[BlackElo "2020"]
[Result "1/2-1/2"]
[Round "1"]
1.c4 Ng8f6
2.b4 g6
3.Bc1b2 Bf8g7
4.b5 d6
5.e3 O-O
6.g3 Nb8d7
7.Bf1g2 a6
8.a4 Nd7c5
9.Qd1e2 Nf6d7
10.d4 Nc5e6
11.Ng1h3 c5
12.d5 Bg7xb2
13.Qe2xb2 Ne6c7
14.Nb1d2 Nd7f6
15.f3 e6
16.b6 Nc7e8
17.dxe6 Bc8xe6
18.a5 Ra8b8
19.Nh3g5 Be6d7
20.O-O h6
21.Ng5e4 Bd7f5
22.Ne4xf6 Qd8xf6
23.Qb2xf6 Ne8xf6
24.e4 Bf5d7
25.Rf1d1 Bd7e6
26.Ra1c1 Nf6d7
27.f4 Be6g4
28.Rd1e1 g5
29.h3 Bg4h5
30.g4 Bh5g6
31.f5 Bg6h7
32.Nd2f1 Nd7e5
33.Re1d1 Rb8d8
34.Nf1e3 f6
35.Rc1c2 Ne5c6
36.Rc2a2 Kg7
37.Ne3d5 Bh7g8
38.Kf2 Bg8xd5
39.exd5 Nc6e5
40.Ra2c2 Rf8e8
41.Kg3 Rd8d7
42.h4 Rd7e7
43.hxg5 hxg5
44.Rd1e1 Ne5d7
45.Re1xe7 Re8xe7
46.Kf2 Kf8
47.Rc2c3 Re7h7
48.Kg3 Nd7e5
49.Rc3c1 Rh7h4
50.Bg2h3 Rh4h7
{ draw }
1/2-1/2

[Event "Tourn. n7926"]
[Site "www.chess-mail.com"]
[Date "2015.01.21"]
[Round "1"]
[White "Abuelo"]
[Black "Averoes"]
[WhiteElo "2070"]
[BlackElo "2170"]
[Result "1-0"]
[Round "1"]
1.e4 c5
2.Nb1c3 Nb8c6
3.Bf1c4 e6
4.d3 a6
5.Bc1e3 b5
6.Bc4b3 Bc8b7
7.Ng1f3 Ng8f6
8.O-O Qd8c7
9.a3 Bf8d6
10.g3 h5
11.Nc3e2 Nf6g4
12.Be3f4 Bd6xf4
13.Ne2xf4 h4
14.Nf3g5 Ng4xh2
15.Kxh2 hxg3
16.Kxg3 f6
17.Ng5xe6 dxe6
18.Qd1g4 g5
19.Qg4xe6 Nc6e7
20.Qe6xf6 gxf4
21.Qf6xf4 Rh8g8
22.Bb3xg8 Qc7xf4
23.Kxf4 Ne7xg8
24.Rf1h1 Ng8e7
25.Rh1h8 Kd7
26.Rh8h7 Ke6
27.Ra1g1 Ra8f8
28.Ke3 Rf8f6
29.Rg1g7 { resign }
1-0

[Event "Tourn. n7939"]
[Site "www.chess-mail.com"]
[Date "2015.01.21"]
[Round "1"]
[White "Kollipaa"]
[Black "Blackpool"]
[WhiteElo "1970"]
[BlackElo "1840"]
[Result "1-0"]
[Round "1"]
1.b4 c6
2.Bc1b2 Qd8b6
3.a3 a5
4.Bb2c3 axb4
5.Bc3e5 d6
6.Be5g3 bxa3
7.Ra1xa3 Ra8xa3
8.Nb1xa3 Ng8f6
9.e3 g6
10.Ng1f3 Bf8g7
11.Bf1e2 O-O
12.O-O Nf6e4
13.Na3b1 Ne4xg3
14.hxg3 Bc8g4
15.d4 Nb8d7
16.c4 Rf8a8
17.Nb1d2 Nd7f6
18.Qd1c2 h6
19.Be2d3 Bg4xf3
20.gxf3 Qb6a5
21.Nd2b3 Qa5a2
22.Rf1a1 { resign }
1-0

[Event "Tourn. n7928"]
[Site "www.chess-mail.com"]
[Date "2015.01.21"]
[Round "1"]
[White "Picifarkinca"]
[Black "Cardiff"]
[WhiteElo "1980"]
[BlackElo "2080"]
[Result "1-0"]
[Round "1"]
1.Ng1f3 Ng8f6
2.c4 e6
3.g3 d5
4.d4 Bf8e7
5.Bf1g2 O-O
6.b3 c6
7.Bc1b2 Nb8d7
8.O-O Nf6e4
9.Nf3d2 Ne4xd2
10.Nb1xd2 Be7f6
11.e4 dxe4
12.Nd2xe4 Rf8e8
13.Ne4xf6 Nd7xf6
14.Rf1e1 Qd8c7
15.d5 cxd5
16.cxd5 Bc8d7
17.Ra1c1 Qc7d6
18.dxe6 Qd6xd1
19.exf7 Kxf7
20.Re1xd1 { resign }
1-0

[Event "Tourn. n7975"]
[Site "www.chess-mail.com"]
[Date "2015.01.21"]
[Round "1"]
[White "Chiccogianca"]
[Black "Bojan"]
[WhiteElo "1970"]
[BlackElo "1960"]
[Result "1-0"]
[Round "1"]
1.b3 c5
2.Bc1b2 b5
3.a3 Bc8b7
4.Ng1f3 e6
5.g3 Bb7xf3
6.exf3 a6
7.Bf1g2 Ra8a7
8.d3 f6
9.O-O a5
10.Nb1d2 a4
11.f4 Ng8e7
12.c4 Qd8b6
13.h3 Nb8c6
14.bxa4 Ra7xa4
15.cxb5 Qb6xb5
16.Qd1c2 Ne7f5
17.Bg2xc6 Qb5xc6
18.Nd2c4 d5
19.Nc4e3 Nf5xe3
20.fxe3 Bf8e7
21.h4 Kf7
22.Rf1b1 Rh8c8
23.Kh2 Qc6a8
24.Qc2d1 c4
25.dxc4 Rc8xc4
26.Qd1h5 Kg8
27.Qh5g4 Qa8a7
28.Qg4xe6 Kf8
29.Bb2d4 Qa7a8
30.Rb1b3 Ra4xa3
31.Rb3xa3 Be7xa3
32.Kh3 Rc4a4
33.Ra1xa3 Ra4xd4
34.Ra3xa8 { resign }
1-0

[Event "Tourn. n7905"]
[Site "www.chess-mail.com"]
[Date "2015.01.21"]
[Round "1"]
[White "Vite"]
[Black "Cardiff"]
[WhiteElo "2040"]
[BlackElo "2040"]
[Result "1/2-1/2"]
[Round "1"]
1.e4 e5
2.Ng1f3 Nb8c6
3.Bf1b5 a6
4.Bb5a4 Ng8f6
5.O-O Bf8e7
6.Rf1e1 b5
7.Ba4b3 O-O
8.c3 d6
9.d4 Bc8g4
10.dxe5 Nc6xe5
11.Nb1d2 c5
12.h3 Bg4xf3
13.Nd2xf3 Qd8c7
14.Bc1f4 c4
15.Bb3c2 Rf8d8
16.Qd1e2 Nf6d7
17.Ra1d1 Nd7c5
18.Rd1d5 Ne5d3
19.Bc2xd3 Nc5xd3
20.Rd5xd3 cxd3
21.Qe2xd3 Ra8c8
22.Re1d1 Qc7c4
23.Qd3xc4 Rc8xc4
24.Rd1e1 f6
25.Nf3d4 Kf7
26.Nd4f5 g6
27.Nf5h6 Kg7
28.Nh6g4 h5
29.Ng4h2 g5
30.Bf4c1 Kf7
31.Nh2f3 Rd8c8
32.Nf3d4 b4
33.Bc1d2 bxc3
34.bxc3 Rc4xd4
35.cxd4 Rc8c2
36.Bd2e3 Rc2xa2
37.Re1c1 Ke8
38.d5 Kd7
39.Kf1 a5
40.Be3b6 a4
41.Bb6d4 a3
42.Rc1a1 Ra2xa1
43.Bd4xa1 Kc7
44.Ke2 Kb6
45.Kd3 Kb5
46.Kc3 Ka4
47.Kc4 a2
48.Kc3 Ka3
{ draw }
1/2-1/2

[Event "Tourn. n7995"]
[Site "www.chess-mail.com"]
[Date "2015.01.21"]
[Round "1"]
[White "Cardiff"]
[Black "Syd"]
[WhiteElo "2060"]
[BlackElo "2240"]
[Result "1/2-1/2"]
[Round "1"]
1.d4 Ng8f6
2.Nb1c3 g6
3.e4 d6
4.g3 Bf8g7
5.Bf1g2 O-O
6.Ng1e2 e5
7.d5 Nf6h5
8.O-O f5
9.exf5 gxf5
10.f4 Nb8a6
11.a3 Bc8d7
12.Rf1e1 Na6c5
13.fxe5 dxe5
14.Bc1e3 Nc5a4
15.Nc3xa4 Bd7xa4
16.Ne2c3 Ba4e8
17.Ra1b1 Be8g6
18.Be3c5 Rf8e8
19.Bc5f2 f4
20.Bg2e4 fxg3
21.hxg3 Qd8g5
22.Be4xg6 Qg5xg6
23.Re1e3 { draw }
1/2-1/2

[Event "Tourn. n7977"]
[Site "www.chess-mail.com"]
[Date "2015.01.21"]
[Round "1"]
[White "Syd"]
[Black "Vite"]
[WhiteElo "2220"]
[BlackElo "2000"]
[Result "0-1"]
[Round "1"]
1.e4 c6
2.d4 d5
3.exd5 cxd5
4.Bf1d3 Ng8f6
5.c3 Bc8g4
6.Ng1f3 e6
7.Bc1f4 Bf8d6
8.Bf4g3 Bd6xg3
9.hxg3 Nb8d7
10.Nb1d2 h6
11.Qd1c2 Qd8a5
12.O-O Qa5c7
13.Rf1e1 h5
14.Nf3e5 h4
15.gxh4 Rh8xh4
16.g3 Rh4h3
17.Kg2 O-O-O
18.f3 Rd8h8
19.fxg4 Nd7xe5
20.dxe5 Nf6xg4
21.Qc2a4 Rh3h2
22.Kf3 Ng4xe5
23.Ke3 Qc7b6
24.Qa4d4 Ne5g4
25.Kf4 e5
{ resign }
0-1

[Event "Tourn. n7988"]
[Site "www.chess-mail.com"]
[Date "2015.01.21"]
[Round "1"]
[White "Luban"]
[Black "Apdash"]
[WhiteElo "2120"]
[BlackElo "2140"]
[Result "1-0"]
[Round "1"]
1.d4 d5
2.Ng1f3 Ng8f6
3.e3 c5
4.c4 cxd4
5.exd4 dxc4
6.Bf1xc4 e6
7.O-O Bf8e7
8.Bc1e3 Nb8c6
9.a3 O-O
10.Nb1c3 Nf6g4
11.h3 Ng4xe3
12.fxe3 a6
13.Ra1c1 Bc8d7
14.e4 Ra8c8
15.Bc4a2 b5
16.b4 Qd8b6
17.Kh1 a5
18.d5 exd5
19.Nc3xd5 Qb6d8
20.Nd5xe7 Qd8xe7
21.Nf3g5 Qe7xg5
22.Qd1xd7 Nc6e5
23.Qd7xc8 Ne5d3
24.Ba2xf7 { resign }
1-0

[Event "Tourn. n7996"]
[Site "www.chess-mail.com"]
[Date "2015.01.21"]
[Round "1"]
[White "Emmanuelasi"]
[Black "Luban"]
[WhiteElo "2150"]
[BlackElo "2130"]
[Result "1-0"]
[Round "1"]
1.e4 c5
2.d4 cxd4
3.c3 dxc3
4.Nb1xc3 d6
5.Bf1c4 e6
6.Qd1e2 Bf8e7
7.Ng1f3 a6
8.O-O b5
9.Bc4b3 Bc8b7
10.Rf1d1 Qd8c7
11.Bc1f4 Nb8c6
12.Ra1c1 Ng8f6
13.Nc3d5 exd5
14.exd5 O-O
15.dxc6 Bb7xc6
16.Nf3d4 { resign }
1-0

[Event "Tourn. n8028"]
[Site "www.chess-mail.com"]
[Date "2015.01.21"]
[Round "1"]
[White "Krasin"]
[Black "Luban"]
[WhiteElo "2240"]
[BlackElo "2090"]
[Result "1-0"]
[Round "1"]
1.f4 d5
2.Ng1f3 c5
3.g3 Nb8c6
4.d3 h6
5.Bf1g2 Ng8f6
6.O-O e6
7.Nb1c3 Bf8d6
8.e4 d4
9.Nc3b5 Bd6c7
10.Nb5xc7 Qd8xc7
11.h3 O-O
12.g4 e5
13.f5 Kh7
14.g5 Nf6g8
15.h4 f6
16.Kf2 b5
17.Bg2h3 Bc8b7
18.Bh3g4 c4
19.Bc1d2 Ra8c8
20.Bg4h5 Rf8d8
21.Bh5g6 Kh8
22.Rf1h1 Nc6e7
23.gxf6 Ne7xg6
24.fxg7 Kxg7
25.fxg6 Kxg6
26.Qd1g1 Kh7
27.Nf3g5 Kh8
28.Ke2 Qc7g7
29.Qg1h2 Rd8d7
30.Ra1g1 Rc8e8
31.Ng5f3 Qg7f6
32.Bd2g5 Qf6e6
33.Bg5d2 Re8e7
34.h5 cxd3
35.cxd3 Rd7c7
36.Rg1g6 Qe6xa2
37.Rh1g1 Re7e8
38.Nf3xd4 Qa2xb2
39.Qh2g3 Rc7c8
40.Rg6xh6 { resign }
1-0

[Event "Tourn. n7759"]
[Site "www.chess-mail.com"]
[Date "2015.01.21"]
[Round "1"]
[White "Winterlude"]
[Black "Madz123456"]
[WhiteElo "2530"]
[BlackElo "2330"]
[Result "1-0"]
[Round "1"]
1.e4 c5
2.Ng1f3 d6
3.Bf1b5 Bc8d7
4.Bb5xd7 Nb8xd7
5.O-O Ng8f6
6.Qd1e2 e6
7.b3 Bf8e7
8.Bc1b2 O-O
9.c4 a6
10.d4 cxd4
11.Nf3xd4 Qd8b6
12.Rf1d1 Nd7e5
13.Nb1c3 Ne5g6
14.g3 h5
15.Kg2 Ng6e5
16.Ra1c1 Ra8d8
17.f4 Ne5c6
18.Nd4c2 h4
19.Rd1d2 Qb6c5
20.Rc1f1 d5
21.cxd5 exd5
22.Nc3a4 Qc5a5
23.Bb2c3 Qa5c7
24.Bc3xf6 Be7xf6
25.e5 Bf6e7
26.Nc2e3 d4
27.Ne3f5 Be7b4
28.Rd2d3 h3
29.Kg1 g6
30.g4  { time }
1-0

[Event "Tourn. n7792"]
[Site "www.chess-mail.com"]
[Date "2015.01.21"]
[Round "1"]
[White "Azulmarino"]
[Black "Georgepapi"]
[WhiteElo "1550"]
[BlackElo "1670"]
[Result "0-1"]
[Round "1"]
1.e4 e5
2.Ng1f3 Nb8c6
3.Bf1c4 Bf8c5
4.d3 Ng8f6
5.Nb1c3 d6
6.Nf3g5 O-O
7.Qd1f3 Nc6d4
8.Qf3d1 h6
9.Ng5f3 Bc8g4
10.Bc1e3 Nd4xf3
11.gxf3 Bc5xe3
12.fxe3 Bg4h5
13.Rh1g1 c6
14.Qd1e2 d5
15.exd5 cxd5
16.Qe2g2 Bh5g6
17.Bc4b3 Qd8a5
18.O-O-O Qa5c5
19.d4 exd4
20.exd4 Qc5b4
21.a3 Qb4d6
22.Nc3b5 Qd6c6
23.Nb5c3 a5
24.a4 Rf8e8
25.Qg2d2 Qc6d6
26.Rg1h1 Ra8c8
27.Nc3b5 Qd6c6
28.Nb5c3 Nf6d7
29.Bb3xd5 Qc6c7
30.Rh1g1 Kh8
31.Bd5c4 Qc7xc4
32.Rg1g4 Nd7b6
33.b3 Qc4xc3
34.Qd2xc3 Rc8xc3
35.d5 Rc3xc2
36.Kb1 Rc2xh2
37.Ka1 Re8e2
38.Rg4e4 Bg6xe4
39.fxe4 Re2xe4
40.d6 Re4e3
41.Kb1 Re3xb3
42.Kc1 Nb6c4
43.d7 Rb3c3
44.Kb1 Rh2b2
45.Ka1 Rc3a3
{ resign }
0-1

[Event "Tourn. n7940"]
[Site "www.chess-mail.com"]
[Date "2015.01.21"]
[Round "1"]
[White "Difficult"]
[Black "Maredocla"]
[WhiteElo "1880"]
[BlackElo "1910"]
[Result "1-0"]
[Round "1"]
1.e4 c5
2.Nb1c3 Nb8c6
3.g3 g6
4.Bf1g2 Bf8g7
5.d3 d6
6.Ng1e2 Bc8g4
7.h3 Bg7xc3
8.bxc3 Bg4xe2
9.Qd1xe2 Ng8f6
10.O-O h5
11.Bc1g5 Nf6h7
12.Bg5e3 Qd8a5
13.c4 e5
14.f4 O-O
15.f5 g5
16.Qe2xh5 f6
17.h4 gxh4
18.gxh4 Kh8
19.Kh1 Rf8g8
20.Ra1b1 b6
21.Rf1g1 Nc6d4
22.Be3xd4 cxd4
23.Bg2f3 Qa5d2
24.Rg1g6 Rg8g7
25.Rb1g1 Rg7d7
26.Rg6xf6 Rd7e7
27.Rf6g6 Ra8d8
28.f6 Re7f7
29.Rg6g7 { resign }
1-0

[Event "Tourn. n7915"]
[Site "www.chess-mail.com"]
[Date "2015.01.21"]
[Round "1"]
[White "Apoorva"]
[Black "Norlavuaram"]
[WhiteElo "2150"]
[BlackElo "2100"]
[Result "1-0"]
[Round "1"]
1.d4 Ng8f6
2.c4 c5
3.d5 b5
4.e3 g6
5.cxb5 a6
6.a4 Bf8g7
7.Nb1c3 O-O
8.e4 d6
9.Ra1b1 axb5
10.axb5 Nb8d7
11.Bc1d2 Qd8c7
12.Ng1f3 Ra8b8
13.Bf1e2 c4
14.O-O Nd7b6
15.Bd2e3 Nf6d7
16.Be3d4 Nd7e5
17.Nf3xe5 dxe5
18.Bd4xb6 Rb8xb6
19.Qd1a4 e6
20.Be2xc4 Bc8d7
21.b3 Rf8b8
22.Qa4a5 Qc7b7
23.dxe6 Bd7xe6
24.Nc3d5 Be6xd5
25.exd5 Bg7f8
26.Qa5e1 Bf8d6
27.Qe1e4 Qb7e7
28.Rf1e1 f5
29.Qe4c2 Qe7f6
30.Rb1a1 Kh8
31.Ra1a7 Rb6b7
32.Re1a1 Qf6g7
33.Qc2a2 e4
34.Qa2a6 Qg7c7
35.Ra7xb7 Rb8xb7
36.h3 Kg7
37.Qa6a8 Rb7b8
38.Qa8a7 Rb8b7
39.Qa7a8 Rb7b8
40.Qa8c6 Rb8b7
41.Ra1a6 Bd6e5
42.Qc6e6 Qc7e7
43.Qe6c8 Rb7b8
44.Qc8c6 Qe7b4
45.d6 Qb4e1
46.Bc4f1 Be5d4
47.Qc6c7 Kh6
48.Ra6a2 { resign }
1-0

[Event "Tourn. n7883"]
[Site "www.chess-mail.com"]
[Date "2015.01.21"]
[Round "1"]
[White "Ff333"]
[Black "Cardiff"]
[WhiteElo "2000"]
[BlackElo "2040"]
[Result "0-1"]
[Round "1"]
1.e4 e5
2.Ng1f3 Nb8c6
3.Bf1b5 Nc6d4
4.Bb5c4 Nd4xf3
5.Qd1xf3 Ng8f6
6.h3 d6
7.O-O Bf8e7
8.Rf1e1 O-O
9.Qf3b3 c6
10.Nb1c3 b5
11.Bc4e2 Bc8e6
12.Qb3a3 d5
13.b4 a5
14.Qa3b2 axb4
15.Nc3d1 Nf6xe4
16.Nd1e3 d4
17.Ne3g4 Be6xg4
18.Be2xg4 f5
19.Bg4xf5 Rf8xf5
20.Re1xe4 c5
21.c3 dxc3
22.dxc3 Qd8d5
23.Re4e2 Qd5d1
24.Kh2 bxc3
25.Qb2xb5 Ra8f8
26.Qb5c4 Kh8
27.f3 Be7d6
28.Re2e4 c2
29.Bc1b2 Qd1d2
30.Ra1c1 Rf5g5
31.Re4g4 e4
32.Kh1 Rg5xg4
33.fxg4 Qd2f4
34.g3 Qf4xg3
35.Rc1xc2 Qg3xh3
36.Kg1 Qh3e3
37.Kg2 Qe3g3
38.Kh1 Qg3h3
39.Kg1 Qh3xg4
40.Kh1 Qg4d1
41.Kg2 Qd1f3
42.Kg1 Rf8f4
43.Bb2xg7 Kxg7
44.Rc2g2 Rf4g4
45.Rg2xg4 Qf3xg4
46.Kf1 Qg4f3
47.Ke1 Bd6g3
48.Kd2 e3
49.Kc2 e2
{ resign }
0-1

[Event "Tourn. n7907"]
[Site "www.chess-mail.com"]
[Date "2015.01.21"]
[Round "1"]
[White "Panham"]
[Black "Vasylpuzanov"]
[WhiteElo "2070"]
[BlackElo "1800"]
[Result "0-1"]
[Round "1"]
1.e4 e5
2.Ng1f3 Nb8c6
3.Bf1c4 Ng8f6
4.d3 Bf8c5
5.c3 d6
6.O-O Bc8e6
7.Bc4b5 Be6d7
8.Bb5a4 O-O
9.Rf1e1 h6
10.d4 exd4
11.cxd4 Bc5b6
12.d5 Nc6e5
13.Ba4c2 Nf6g4
14.Re1f1 Ng4xf2
15.Rf1xf2 Ne5xf3
16.Qd1xf3 Qd8h4
17.Bc1e3 Bd7g4
18.Qf3f4 g5
19.Qf4xg4 Qh4xg4
20.h3 Qg4d7
21.Be3xb6 axb6
{ resign }
0-1

[Event "Tourn. n7784"]
[Site "www.chess-mail.com"]
[Date "2015.01.21"]
[Round "1"]
[White "Anja"]
[Black "Georgepapi"]
[WhiteElo "1580"]
[BlackElo "1650"]
[Result "1-0"]
[Round "1"]
1.e4 e5
2.Ng1f3 Nb8c6
3.Bf1b5 a6
4.Bb5xc6 dxc6
5.O-O Bf8d6
6.d4 Qd8e7
7.dxe5 Bd6xe5
8.Nf3xe5 Qe7xe5
9.Nb1c3 Bc8d7
10.Bc1e3 Ng8f6
11.Qd1f3 O-O-O
12.Rf1d1 Bd7g4
13.Rd1xd8 Rh8xd8
14.Qf3f4 Qe5xf4
15.Be3xf4 Rd8e8
16.f3 Bg4e6
17.Ra1d1 Nf6h5
18.Bf4e3 b5
19.Nc3e2 f5
20.e5 Be6d5
21.f4 g6
22.Ne2c3 Bd5c4
23.b3 Bc4f7
24.Nc3b1 Nh5g7
25.Kf2 Ng7e6
26.Nb1d2 Re8d8
27.Ke2 Ne6d4
28.Be3xd4 Rd8xd4
29.Nd2f3 Rd4xf4
30.Nf3g5 Bf7g8
31.g3 Rf4g4
32.Ng5f3 Rg4e4
33.Kf2 Bg8d5
34.Nf3g5 Re4xe5
35.Ng5xh7 b4
36.Nh7g5 Re5e8
37.Ng5f3 Re8h8
38.h4 Kb7
39.Nf3e5 Rh8g8
40.Ke3 Bd5e4
41.Ne5d3 a5
42.Nd3c5 Kb6
43.Nc5xe4 Rg8e8
44.Rd1d4 c5
45.Rd4c4 fxe4
46.Rc4xe4 Re8xe4
47.Kxe4 Kb5
48.g4 { resign }
1-0

[Event "Tourn. n7917"]
[Site "www.chess-mail.com"]
[Date "2015.01.21"]
[Round "1"]
[White "Asoka"]
[Black "Kermet"]
[WhiteElo "2650"]
[BlackElo "2520"]
[Result "1/2-1/2"]
[Round "1"]
1.d4 Ng8f6
2.c4 e6
3.Nb1c3 Bf8b4
4.a3 Bb4xc3
5.bxc3 O-O
6.Qd1c2 d5
7.Ng1f3 c5
8.e3 Nb8c6
9.Bf1e2 b6
10.cxd5 exd5
11.dxc5 bxc5
12.c4 d4
13.O-O Rf8e8
14.exd4 Nc6xd4
15.Nf3xd4 Qd8xd4
16.Ra1b1 Bc8f5
17.Qc2xf5 Re8xe2
18.Bc1e3 Qd4xc4
19.Rb1c1 Qc4e4
20.Rc1xc5 Qe4xf5
21.Rc5xf5 a5
22.Rf1d1 h5
23.h3 Re2a2
24.Rd1d3 a4
25.Rf5b5 Ra8a6
{ draw }
1/2-1/2

[Event "Tourn. n7948"]
[Site "www.chess-mail.com"]
[Date "2015.01.21"]
[Round "1"]
[White "Picifarkinca"]
[Black "Bojan"]
[WhiteElo "1990"]
[BlackElo "1890"]
[Result "1-0"]
[Round "1"]
1.Ng1f3 b6
2.g3 c5
3.Bf1g2 Nb8c6
4.O-O Bc8b7
5.c4 Qd8c7
6.Nb1c3 Ra8b8
7.d3 g6
8.b3 Bf8g7
9.Nc3d5 Qc7d6
10.Ra1b1 e6
11.Bc1f4 e5
12.Bf4d2 Ng8e7
13.e4 Nc6d4
14.Nf3xd4 exd4
15.b4 O-O
16.bxc5 Qd6xc5
17.Bd2b4 Qc5c6
18.Nd5xe7 { resign }
1-0

[Event "Tourn. n7971"]
[Site "www.chess-mail.com"]
[Date "2015.01.21"]
[Round "1"]
[White "Rons"]
[Black "Jose"]
[WhiteElo "2500"]
[BlackElo "2730"]
[Result "1/2-1/2"]
[Round "1"]
1.e4 c5
2.Ng1f3 d6
3.d4 cxd4
4.Nf3xd4 Ng8f6
5.Nb1c3 g6
6.Bc1e3 Bf8g7
7.f3 O-O
8.Qd1d2 Nb8c6
9.Bf1c4 Bc8d7
10.O-O-O Ra8b8
11.Bc4b3 Nc6a5
12.Be3h6 Bg7xh6
13.Qd2xh6 e5
14.Nd4e2 b5
15.h4 Na5xb3
16.axb3 b4
17.Nc3d5 Nf6xd5
18.Rd1xd5 Qd8c7
19.h5 Bd7e6
20.hxg6 fxg6
21.Rd5xd6 Rf8c8
22.Kb1 Rb8b6
23.Rd6d2 Rb6c6
24.Rh1c1 Qc7a5
25.Rc1h1 Qa5c7
26.Rh1c1 Qc7a5
{ draw }
1/2-1/2